Graphic happiness: 100 years of Dutch graphic design

Αποθηκεύτηκε σε:
Λεπτομέρειες βιβλιογραφικής εγγραφής
Κύριοι συγγραφείς: Algera, Kirsten (Συγγραφέας), Brormann, Nikki (Συγγραφέας), Bruinsma, Max (Συγγραφέας), Elbers, Dennis (Συγγραφέας), Giethoorn, Roos (Συγγραφέας), Glazenburg, Carolien (Συγγραφέας), Anastasyadis, Victoria (Συγγραφέας), Dinther, Lisette van (Συγγραφέας), Doeswijk, Liselotte (Συγγραφέας), Dresens, Simone (Συγγραφέας), Lier, Bas van (Συγγραφέας), Ruigrok, Imke (Συγγραφέας)
Μορφή: Βιβλίο
Γλώσσα:Αγγλικά
Κινεζικά
Έκδοση: Utrecht Stichting Dutch IDEA 2012
Έκδοση:1a. ed
Θέματα:
Ετικέτες: Προσθήκη ετικέτας
Δεν υπάρχουν, Καταχωρήστε ετικέτα πρώτοι!

MARC

LEADER 00000cam a2200000 a 4500
001 UCE0385
003 CL-VaPUC
008 140116e20120000ne |||||||||||||||||eng|d
020 |a 9789081565622 
041 0 7 |a eng  |2 CL-VaPUC 
041 0 7 |a chi  |2 CL-VaPUC 
082 0 4 |a 741.948  |b ALG  |2 21 
100 0 |a Algera, Kirsten  |e author  |9 572749 
700 0 |a Brormann, Nikki  |e author  |9 572750 
700 0 |a Bruinsma, Max  |e author  |9 572751 
700 0 |a Elbers, Dennis  |e author  |9 572752 
700 0 |a Giethoorn, Roos  |e author  |9 572753 
700 0 |a Glazenburg, Carolien  |e author  |9 572754 
700 0 |a Anastasyadis, Victoria  |e author  |9 572755 
700 0 |a Dinther, Lisette van  |e author  |9 572756 
700 0 |a Doeswijk, Liselotte  |e author  |9 572757 
700 0 |a Dresens, Simone  |e author  |9 572758 
700 0 |a Lier, Bas van  |e author  |9 572759 
700 0 |a Ruigrok, Imke  |e author  |9 572760 
245 1 0 |a Graphic happiness: 100 years of Dutch graphic design 
250 |a 1a. ed 
300 |a 252 p 
942 |c BK 
945 |d 20140116 11:53:00  |a dcastane 
260 |a Utrecht  |b Stichting Dutch IDEA  |c 2012 
650 7 |a HISTORIA DEL DISEÑO  |2 CL-VaPUC  |9 475486 
650 0 |a Diseño gráfico  |9 266874 
651 0 |a Holanda  |9 267234 
583 |a last modification  |c 20140116 11:53:00  |k Rodrigo Vera 
999 |c 354542  |d 354540 
952 |0 0  |1 0  |3 erb  |4 0  |6 741_948000000000000_ALG_2012  |7 0  |8 R  |9 460487  |a BIBARQ  |b BIBARQ  |i 503597K  |o 741.948 ALG 2012  |p 503597K  |r 2025-01-20  |w 2019-11-23  |y BK_R  |z Catalogado en:20140116  |k ARQ